000 00746nam a2200277 i 4500
001 C2-0123543
003 PPAK
005 20180727114445.0
008 970825s1985 enka|||| ||||| | eng d
020 _a0241116767
040 _aPPAK
_beng
_cPPAK
_erda
082 0 4 _a932
_223
090 0 0 _a932
_bSTE
_dK
090 0 0 _a932
_bSTE
_dR
100 1 _aStead, Miriam,
_eauthor
245 1 0 _aAncient egypt
264 1 _aLondon :
_bHamish Hamilton ,
_c1985
300 _a32 pages :
_bcolour illustrations ;
_c27 cm
336 _2rdacontent
_atext
337 _2rdamedia
_aunmediated
338 _2rdacarrier
_avolume
490 1 _aFind out about
650 1 0 _aEgypt - History - Juvenile literature
830 0 _aFind out about
942 _ddc
_cB
999 _c36063
_d36063